| Tag |
First Indicator |
Second Indicator |
Subfields |
| LEADER |
00000cam a2200000 a 4500 |
| 001 |
in00001647421 |
| 005 |
20220106093211.0 |
| 008 |
011120s2001 dcua b f000 0 eng c |
| 020 |
|
|
|a 0160662664
|
| 035 |
|
|
|a (OCoLC)ocm48498969
|
| 040 |
|
|
|a GPO
|c GPO
|d DLC
|d MvI
|d UtOrBLW
|
| 042 |
|
|
|a pcc
|
| 043 |
|
|
|a n-us---
|
| 049 |
|
|
|a UDOC
|
| 074 |
|
|
|a 1028-A
|
| 074 |
|
|
|a 1028-A (online)
|
| 074 |
|
|
|a 1028-B (MF)
|
| 074 |
|
|
|a 1028-B (online)
|
| 086 |
0 |
|
|a Y 4.W 36:107-27
|
| 088 |
|
|
|a Serial no. 107-27 (United States. Congress. House. Committee on Ways and Means)
|
| 110 |
1 |
|
|a United States.
|b Congress.
|b House.
|b Committee on Ways and Means.
|b Subcommittee on Select Revenue Measures.
|
| 245 |
1 |
0 |
|a Second in series on effect of federal tax laws on the production, supply, and conservation of energy :
|b hearing before the Subcommittee on Select Revenue Measures of the Committee on Ways and Means, House of Representatives, One Hundred Seventh Congress, first session, June 12, 2001.
|
| 246 |
3 |
0 |
|a Effect of federal tax laws on the production, supply, and conservation of energy
|
| 264 |
|
1 |
|a Washington :
|b U.S. G.P.O. :
|c 2001.
|
| 264 |
|
2 |
|a Washington :
|b For sale by the Supt. of Docs., U.S. G.P.O., [Congressional Sales Office],
|
| 300 |
|
|
|a iii, 126 pages :
|b illustrations ;
|c 24 cm.
|
| 336 |
|
|
|a text
|b txt
|2 rdacontent
|
| 337 |
|
|
|a unmediated
|b n
|2 rdamedia
|
| 338 |
|
|
|a volume
|b nc
|2 rdacarrier
|
| 500 |
|
|
|a Distributed to some depository libraries in microfiche.
|
| 500 |
|
|
|a Shipping list number: 2002-0025-P.
|
| 500 |
|
|
|a Shipping List #: 2002-0025-P
|
| 500 |
|
|
|a Shipping List Date: 11/02/2001
|
| 504 |
|
|
|a Includes bibliographical references.
|
| 500 |
|
|
|a "Serial number 107-27."
|
| 530 |
|
|
|a Also available via Internet from the GPO Access web site. Addresses as of 11/28/01: http://frwebgate.access.gpo.gov/cgi-bin/getdoc.cgi?dbname=107h̲ouseh̲earings&docid=f:74228.wais (text version), http://frwebgate.access.gpo.gov/cgi-bin/getdoc.cgi?dbname=107h̲ouseh̲earings&docid=f:74228.pdf (PDF version); current access is available via PURLs.
|
| 650 |
|
0 |
|a Tax incentives
|x Law and legislation
|z United States.
|
| 650 |
|
0 |
|a Energy tax credits
|x Law and legislation
|z United States.
|
| 650 |
|
0 |
|a Energy policy
|z United States.
|
| 856 |
4 |
1 |
|3 Text version:
|u https://purl.fdlp.gov/GPO/LPS16032
|t 0
|
| 856 |
4 |
1 |
|3 PDF version:
|u https://purl.fdlp.gov/GPO/LPS16034
|z Adobe Acrobat Reader required
|t 0
|
| 999 |
|
|
|a MARS
|
| 999 |
f |
f |
|s 25594cb8-3129-31a3-bd73-9a9b2673ad50
|i 2025814e-4f8e-3e0b-8c00-25a3b7a6fab3
|t 0
|
| 952 |
f |
f |
|a Texas A&M University
|b College Station
|c Electronic Resources
|d Available Online
|t 0
|e Y 4.W 36:107-27
|h Superintendent of Documents classification
|
| 998 |
f |
f |
|a Y 4.W 36:107-27
|t 0
|l Available Online
|